| 000 | 00390nam a2200169Ia 4500 | ||
|---|---|---|---|
| 008 | 221030s9999 xx 000 0 und d | ||
| 020 | _a8175152575 | ||
| 041 | _aEnglish | ||
| 082 | _a105.23 | ||
| 100 | _aE. Horowitz | ||
| 245 | 0 | _aFundamentals of Algorithmics | |
| 260 |
_bGalgotia Pub _aNew Delhi _c2010 |
||
| 300 | _a769 | ||
| 650 | _aComputers | ||
| 700 | _aS. Sahini | ||
| 942 | _cBK | ||
| 999 |
_c6268 _d6268 |
||